000 00628nam a2200193 i 4500
001 149217
003 ES-MaACL
005 20250823063110.0
007 t|
008 071019s1968 sp ||||1| spa d
100 1 _aVélez de Guevara, Luis,
_d1579-1644
_9113833
245 1 3 _aEl diablo cojuelo /
_cLuis Vélez de Guevara ; estudio y edición de Enrique R. Cepeda y Enrique Rull.
260 _aMadrid :
_bAlcalá,
_c[1968]
300 _a253 p. ;
_c18 cm.
700 1 _aCepeda, Enrique R.
_937428
700 1 _aRull Fernández, Enrique.
_9100978
852 _aES-MaACL
_jC-35364
_bR.66285
999 _c149217
_d149217